000 00362nam a2200133Ia 4500
008 220204s9999 xx 000 0 und d
082 _a582.26
_bJAC
245 0 _aAlgae and man
260 _aNew York
_bPlenum
_c1964
505 _aBased on lectures presented at the NATO Advanced study institute.
650 _aAlgae
700 _aJACKSON, Daniel F
942 _cBK
999 _c30104
_d30104